[Event "32. Kieler Open 2019 B-Open"]
[Site "Kiel"]
[Date "2019.07.30"]
[Round "6.21"]
[White "Schulz, Jale"]
[Black "Bunke, Mike"]
[Result "1/2-1/2"]
[WhiteElo "933"]
[BlackElo "1597"]
[Annotator "HAD"]
[PlyCount "45"]
[EventDate "2019.??.??"]
[WhiteTeam "Raisdorfer SG"]
[BlackTeam "Schleswiger SV"]

1. c4 c5 2. Nc3 g6 3. e4 Bg7 4. Nf3 Nc6 5. g3 d6 6. Bg2 Be6 7. b3 Nf6 8. Bb2
O-O 9. O-O Qd7 10. Ng5 Nd4 11. Nxe6 Nxe6 12. Nd5 Nd4 13. Nxf6+ Bxf6 14. Rb1
Rab8 15. Bxd4 Bxd4 16. Bf3 a6 17. Bg4 Qc7 18. Qf3 b5 19. d3 e6 20. Qf4 Be5 21.
Qh6 Bg7 22. Qh3 Bd4 23. Qh6 1/2-1/2

[Event "32. Kieler Open 2019 B-Open"]
[Site "Kiel"]
[Date "2019.07.30"]
[Round "6.22"]
[White "Solodky, Willy"]
[Black "Malinowsky, Celina"]
[Result "0-1"]
[WhiteElo "1483"]
[BlackElo "1109"]
[Annotator "HAD"]
[PlyCount "76"]
[EventDate "2019.??.??"]
[WhiteTeam "Itzehoer SV"]
[BlackTeam "SK Doppelbauer Kiel"]

1. d4 d5 2. c4 e6 3. Nc3 Nf6 4. cxd5 exd5 5. e3 Bf5 6. Bd3 Bg6 7. Nge2 c6 8.
O-O Bd6 9. f3 c5 10. Nb5 c4 11. Nxd6+ Qxd6 12. Bc2 O-O 13. Nf4 Bxc2 14. Qxc2
Nc6 15. Bd2 Rfe8 16. Rfe1 Re7 17. Rab1 b5 18. a3 a6 19. Bc3 Rb8 20. Qd2 b4 21.
axb4 Nxb4 22. Bxb4 Qxb4 23. Qxb4 Rxb4 24. Kf2 Reb7 25. Re2 c3 26. Rc2 Rxb2 27.
Rbc1 Rxc2+ 28. Rxc2 Rb2 29. Re2 a5 30. Nd3 Rb3 31. Ne1 a4 32. Nc2 a3 33. h3 a2
34. Na1 Rb2 35. Rc2 h6 36. Ke2 Rb1 37. Rxa2 Rb2+ 38. Rxb2 cxb2 0-1

[Event "32. Kieler Open 2019 B-Open"]
[Site "Kiel"]
[Date "2019.07.30"]
[Round "6.23"]
[White "Stolzenwald, Frank"]
[Black "Schwerdt, Anton Gabriel"]
[Result "0-1"]
[WhiteElo "1307"]
[BlackElo "1455"]
[Annotator "HAD"]
[PlyCount "50"]
[EventDate "2019.??.??"]
[WhiteTeam "SF Hamburg"]
[BlackTeam "Bad Schwartau"]

1. d4 Nf6 2. Nc3 e6 3. Nf3 b6 4. e3 Bb7 5. Bd3 c5 6. Ne2 d5 7. dxc5 Bxc5 8. c3
Nc6 9. b4 Bd6 10. Bb2 Ne5 11. Nxe5 Bxe5 12. f4 Bc7 13. O-O O-O 14. Qc2 h6 15.
Rad1 Ng4 16. Bc1 Rc8 17. h3 Nf6 18. c4 Bd6 19. b5 dxc4 20. Bxc4 Bd5 21. Qd2
Rxc4 22. Ng3 Qc7 23. Bb2 Rc2 24. Rc1 Rxd2 25. Rxc7 Rxg2+ 0-1

[Event "32. Kieler Open 2019 B-Open"]
[Site "Kiel"]
[Date "2019.07.30"]
[Round "6.25"]
[White "Kathage, Holger"]
[Black "Friedrich, Heike"]
[Result "1-0"]
[WhiteElo "1662"]
[BlackElo "1155"]
[Annotator "HAAD,Adolf"]
[Annotator "HAD"]
[PlyCount "130"]
[EventDate "2019.??.??"]
[WhiteTeam "VSF Flintbek"]
[BlackTeam "Raisdorfer SG"]

1. d4 d5 2. Nf3 Nf6 3. e3 Bf5 4. c4 c6 5. Be2 e6 6. O-O Be7 7. Nc3 O-O 8. Nh4
Nbd7 9. Nxf5 exf5 10. cxd5 cxd5 11. Bd2 Re8 12. Qb3 Qb6 13. Qxb6 Nxb6 14. Rac1
a6 15. Nb1 Rac8 16. Rxc8 Rxc8 17. Rc1 Rxc1+ 18. Bxc1 Bd6 19. b3 h5 20. Bd2 Nbd7
21. Ba5 b6 22. Be1 b5 23. Ba5 Nb8 24. Bd8 Nbd7 25. Bd3 g6 26. Nc3 Ne4 27. Nxd5
b4 28. Be2 Nc3 29. Bxa6 Nxd5 30. Bb5 N7f6 31. Bc4 Kg7 32. Kf1 Nc3 33. h3 Nxa2
34. Ke2 Nc3+ 35. Kd3 Na2 36. f3 h4 37. e4 fxe4+ 38. fxe4 Nd7 39. e5 Bf8 40.
Bxh4 Nb6 41. Bf6+ Kg8 42. d5 Bc5 43. Bg5 Nc3 44. d6 Nd7 45. Bf4 Kg7 46. e6 fxe6
47. Bxe6 Nf8 48. Be5+ Kh6 49. Bg4 Bb6 50. d7 Bd8 51. Bd6 Nh7 52. Bxb4 Nd5 53.
Bd2+ g5 54. h4 Kg7 55. hxg5 Nxg5 56. Kd4 Nc7 57. Kc4 Nge6 58. b4 Kf7 59. Bf3
Ke7 60. Bc6 Kd6 61. b5 Nd5 62. Bc1 Nb6+ 63. Kd3 Nxd7 64. Ba3+ Ndc5+ 65. Kc4 Bb6
{Notation nicht nachvollziehbar} 1-0

[Event "32. Kieler Open 2019 B-Open"]
[Site "Kiel"]
[Date "2019.07.30"]
[Round "6.26"]
[White "Salwasser, Andrej"]
[Black "Plöger, Elke"]
[Result "1-0"]
[WhiteElo "1287"]
[BlackElo "1424"]
[Annotator "HAD"]
[PlyCount "37"]
[EventDate "2019.??.??"]
[WhiteTeam "SC Rastatt"]
[BlackTeam "SG Jasmund"]

1. e4 e5 2. Nf3 Nc6 3. d4 exd4 4. Bc4 Bc5 5. c3 d6 6. cxd4 Bb4+ 7. Nc3 Bg4 8.
h3 Be6 9. d5 Ne5 10. dxe6 Nxc4 11. exf7+ Kxf7 12. Qd5+ Ke7 13. Qxc4 c5 14. Ng5
Qe8 15. O-O Bxc3 16. Qxc3 Qg6 17. Re1 Qf6 18. e5 dxe5 19. Qxc5+ 1-0

[Event "32. Kieler Open 2019 B-Open"]
[Site "Kiel"]
[Date "2019.07.30"]
[Round "6.27"]
[White "Wellßow, Lio Keanu"]
[Black "Diederichs, Karl"]
[Result "0-1"]
[WhiteElo "1184"]
[BlackElo "1445"]
[Annotator "HAD"]
[PlyCount "120"]
[EventDate "2019.??.??"]
[WhiteTeam "SG Jasmund"]
[BlackTeam "SK Lehrte"]

1. d4 e6 2. Nc3 d5 3. e4 Bb4 4. Bd3 dxe4 5. Bxe4 Nf6 6. Bf3 c6 7. Nge2 c5 8.
Bd2 cxd4 9. Ne4 Bxd2+ 10. Qxd2 Nxe4 11. Bxe4 e5 12. O-O-O Be6 13. Bxb7 Nd7 14.
Bxa8 Qxa8 15. Qg5 O-O 16. Kb1 Qd5 17. b3 Rc8 18. Nxd4 exd4 19. Qxd5 Bxd5 20.
Rxd4 Bxg2 21. Rhd1 Bh3 22. Rxd7 Bxd7 23. Rxd7 Ra8 24. c4 g6 25. b4 Rb8 26. a3
a5 27. b5 Re8 28. Rd1 Re2 29. Rc1 Re7 30. a4 Kf8 31. c5 Ke8 32. c6 Kd8 33. b6
Re8 34. b7 Kc7 35. Kb2 Re2+ 36. Rc2 Re4 37. Kb3 Rb4+ 38. Kc3 Kxc6 39. Rb2 Rxb2
40. Kxb2 Kxb7 41. Kc3 Kc6 42. Kc4 h5 43. h4 f6 44. f4 f5 45. Kb3 Kd5 46. Kc3
Ke4 47. Kd2 Kxf4 48. Ke2 Kg4 49. Kf2 Kxh4 50. Kf3 g5 51. Kf2 g4 52. Kg2 f4 53.
Kh2 g3+ 54. Kh1 Kh3 55. Kg1 g2 56. Kf2 Kh2 57. Kf3 g1=Q 58. Kxf4 Qg4+ 59. Ke5
Kg3 60. Kd5 h4 0-1

[Event "32. Kieler Open 2019 B-Open"]
[Site "Kiel"]
[Date "2019.07.30"]
[Round "6.28"]
[White "Lawrenz, Norbert"]
[Black "Brühl, Rainer"]
[Result "1-0"]
[WhiteElo "1434"]
[BlackElo "1353"]
[Annotator "HAD"]
[PlyCount "95"]
[EventDate "2019.??.??"]
[WhiteTeam "Zitadelle Spandau"]
[BlackTeam "SC Sottrum"]

1. d4 d5 2. Nf3 Nf6 3. Bf4 Bf5 4. e3 e6 5. Nbd2 Bd6 6. Ne5 Nbd7 7. Ndf3 c5 8.
c3 Ne4 9. Bd3 c4 10. Bc2 f6 11. Nf7 Kxf7 12. Bxd6 Qb6 13. Ba3 Rhe8 14. Ba4 Rad8
15. Nh4 Kg8 16. Nxf5 exf5 17. Qh5 Qe6 18. O-O a6 19. Qe2 b5 20. Bc2 a5 21. b4
a4 22. Qe1 Nf8 23. Bb2 Ng6 24. a3 f4 25. Bc1 Nh4 26. Bxe4 Qxe4 27. f3 Qd3 28.
Qxh4 fxe3 29. Qe1 e2 30. Rf2 Qd1 31. Bd2 Qxa1 32. Qxa1 Rd7 33. Qe1 Rde7 34. f4
Kf7 35. Rf3 f5 36. Kf2 Re4 37. g3 h6 38. Re3 Kg6 39. Qxe2 Rxe3 40. Bxe3 Re4 41.
g4 Kf6 42. h4 g6 43. g5+ hxg5 44. hxg5+ Kf7 45. Kf3 Kg8 46. Qh2 Kg7 47. Qh6+
Kf7 48. Qh7+ 1-0

[Event "32. Kieler Open 2019 B-Open"]
[Site "Kiel"]
[Date "2019.07.30"]
[Round "6.31"]
[White "Sari, Onur"]
[Black "Wentzel, Martin"]
[Result "1-0"]
[WhiteElo "1162"]
[BlackElo "1335"]
[Annotator "HAAD,Adolf"]
[Annotator "HAD"]
[PlyCount "64"]
[EventDate "2019.??.??"]
[WhiteTeam "SC Agon Neumünster"]
[BlackTeam "SG Jasmund"]

1. c4 e5 2. Nc3 Nf6 3. g3 c6 4. Bg2 Bb4 5. e3 Bxc3 6. bxc3 d6 7. d4 e4 8. Qc2
d5 9. cxd5 cxd5 10. Ne2 b6 11. c4 O-O 12. cxd5 Qxd5 13. Nc3 Qd7 14. Nxe4 Nd5
15. O-O Bb7 16. Bb2 Na6 17. a3 Rfe8 18. Rfe1 Rac8 19. Nc3 Nf6 20. Qd3 Nb8 21.
Rad1 Bxg2 22. Kxg2 a6 23. e4 b5 24. d5 Rc4 25. e5 Nh5 26. e6 Qb7 27. exf7+ Qxf7
28. Rxe8+ Qxe8 29. d6 Nc6 30. d7 Qd8 31. Re1 Nf6 32. Nd5 Nxd5 {Rest unleserlich
} 1-0

[Event "32. Kieler Open 2019 B-Open"]
[Site "Kiel"]
[Date "2019.07.30"]
[Round "6.33"]
[White "Lauzening, Rene"]
[Black "Frahm, Ben Jonas"]
[Result "1-0"]
[WhiteElo "1047"]
[BlackElo "776"]
[Annotator "HAD"]
[PlyCount "149"]
[EventDate "2019.??.??"]
[WhiteTeam "Raisdorfer SG"]
[BlackTeam "Raisdorfer SG"]

1. e4 e5 2. Nf3 Nc6 3. Bb5 Nf6 4. Bxc6 bxc6 5. Nc3 Bb4 6. d4 exd4 7. Qxd4 Bxc3+
8. bxc3 d5 9. e5 Ne4 10. c4 O-O 11. O-O f6 12. Rd1 fxe5 13. Nxe5 Qd6 14. cxd5
cxd5 15. Qxd5+ Qxd5 16. Rxd5 Rxf2 17. Rd8+ Rf8 18. Rxf8+ Kxf8 19. Ba3+ Nd6 20.
Bxd6+ cxd6 21. Nd3 Be6 22. Rf1+ Ke8 23. Re1 Kd7 24. a4 Rc8 25. Rc1 Bf5 26. Ne1
Re8 27. c3 Re4 28. Ra1 Rc4 29. Ra3 Ke7 30. h3 Bd7 31. a5 Re4 32. Kf2 d5 33. Nf3
Bb5 34. g4 Re2+ 35. Kg3 Kf6 36. Nd4 Rb2 37. Nxb5 Rxb5 38. a6 g5 39. h4 gxh4+
40. Kxh4 Kg6 41. Ra4 Rb6 42. Ra5 Rd6 43. Rb5 d4 44. cxd4 Rxd4 45. Rg5+ Kh6 46.
Rh5+ Kg7 47. Rb5 Kg6 48. Rc5 Ra4 49. Rc6+ Kg7 50. Rc7+ Kg6 51. Rxa7 h5 52. Ra8
Rxg4+ 53. Kh3 Ra4 54. Kg3 Kf6 55. a7 Kg5 56. Rg8+ Kh6 57. a8=Q h4+ 58. Kh2 Rxa8
59. Rxa8 h3 60. Rh8+ Kg7 61. Rxh3 Kf7 62. Rh6 Kg7 63. Ra6 Kf7 64. Kg3 Ke7 65.
Kf4 Kd7 66. Ke5 Kc7 67. Kd5 Kb7 68. Rh6 Kc7 69. Rg6 Kb7 70. Kc5 Ka7 71. Kb5 Kb8
72. Kc6 Ka7 73. Rg1 Ka8 74. Kb6 Kb8 75. Rg8# 1-0

[Event "32. Kieler Open 2019 B-Open"]
[Site "Kiel"]
[Date "2019.07.31"]
[Round "7.1"]
[White "Bendixen, Matthes"]
[Black "Noreisch, Reiner"]
[Result "1-0"]
[WhiteElo "1645"]
[BlackElo "1602"]
[Annotator "HAD"]
[PlyCount "45"]
[EventDate "2019.??.??"]
[WhiteTeam "Schleswiger SV"]
[BlackTeam "Lübecker SV"]

1. d4 g6 2. e4 Bg7 3. Nc3 c5 4. Nf3 Qa5 5. Bd2 cxd4 6. Nd5 Qd8 7. Bf4 d6 8.
Nxd4 e5 9. Nb5 Na6 10. Be3 b6 11. Bc4 Nh6 12. Nxb6 axb6 13. Nxd6+ Ke7 14. Bxh6
Bxh6 15. Qf3 f6 16. Rd1 Qc7 17. Qd3 Nc5 18. Nxc8+ Raxc8 19. Qh3 Bg7 20. b4 Nxe4
21. Qe6+ Kf8 22. Rd7 Qxc4 23. Qe7+ 1-0

[Event "32. Kieler Open 2019 B-Open"]
[Site "Kiel"]
[Date "2019.07.31"]
[Round "7.2"]
[White "Plichta, Hans-Reiner"]
[Black "Bräutigam, Alexander"]
[Result "1-0"]
[WhiteElo "1765"]
[BlackElo "1558"]
[Annotator "HAD"]
[PlyCount "59"]
[EventDate "2019.??.??"]
[WhiteTeam "Kieler SG"]
[BlackTeam "SV VHS Rendsburg"]

1. d4 Nf6 2. c4 e6 3. Nf3 b6 4. g3 Bb7 5. Bg2 Be7 6. O-O O-O 7. Nc3 d5 8. cxd5
Nxd5 9. Re1 Bb4 10. Bd2 Nf6 11. Rc1 Nbd7 12. Qc2 Rc8 13. Qa4 Bxc3 14. Bxc3 a6
15. b4 b5 16. Qb3 Nb6 17. Ne5 Bxg2 18. Kxg2 Nfd7 19. Nc6 Qe8 20. Na5 Nf6 21. e4
Qd7 22. d5 exd5 23. Bxf6 gxf6 24. Qf3 dxe4 25. Qxf6 Rfe8 26. Rc5 Qe6 27. Rg5+
Kf8 28. Qg7+ Ke7 29. Re5 Qxe5 30. Qxe5+ 1-0

[Event "32. Kieler Open 2019 B-Open"]
[Site "Kiel"]
[Date "2019.07.31"]
[Round "7.3"]
[White "Behrendt, Matthias"]
[Black "Jarosch, Wolfram"]
[Result "1/2-1/2"]
[WhiteElo "1747"]
[BlackElo "1691"]
[Annotator "HAD"]
[PlyCount "100"]
[EventDate "2019.??.??"]
[WhiteTeam "SC Agon Neumünster"]
[BlackTeam "fuß brothers Jena"]

1. d4 Nf6 2. c4 c5 3. d5 b5 4. cxb5 a6 5. bxa6 g6 6. Nc3 Bxa6 7. e4 Bxf1 8.
Kxf1 d6 9. Nge2 Nbd7 10. h4 h5 11. Nf4 Ne5 12. Nd3 Ned7 13. Rh3 Ng4 14. Bg5 Bg7
15. f3 Nge5 16. Nxe5 Nxe5 17. Qe2 O-O 18. Bf4 Qb6 19. Bxe5 Bxe5 20. g4 Rfb8 21.
Nd1 Bxb2 22. Rb1 Rxa2 23. Rh2 Ra1 24. Rxa1 Bxa1 25. gxh5 Qb5 26. hxg6 Qxe2+ 27.
Rxe2 fxg6 28. Rg2 Kf7 29. Rc2 Bf6 30. Rh2 Rh8 31. Ne3 Rxh4 32. Rg2 Bd4 33. Ng4
e6 34. dxe6+ Kxe6 35. Nf2 Bxf2 36. Kxf2 Kf6 37. Ke3 g5 38. Rd2 Ke6 39. Rg2 Rh5
40. Kd3 Kf6 41. Kc4 Rh3 42. Kd5 Rxf3 43. Kxd6 Re3 44. Rf2+ Kg6 45. e5 g4 46. e6
g3 47. Rf8 Kg7 48. Rf4 g2 49. Rg4+ Kf6 50. Rxg2 Rd3+ 1/2-1/2

[Event "32. Kieler Open 2019 B-Open"]
[Site "Kiel"]
[Date "2019.07.31"]
[Round "7.4"]
[White "Gerull, Dirk"]
[Black "Schulze, Lukas"]
[Result "0-1"]
[WhiteElo "1815"]
[BlackElo "1724"]
[Annotator "HAD"]
[PlyCount "72"]
[EventDate "2019.??.??"]
[WhiteTeam "VSF Flintbek"]
[BlackTeam "SK Lehrte"]

1. d4 Nf6 2. Bf4 c5 3. c3 d5 4. e3 Nc6 5. Nf3 Qb6 6. Qc2 g6 7. dxc5 Qxc5 8. Bd3
Bg7 9. Nbd2 Bd7 10. Qb3 Na5 11. Qc2 Rc8 12. Rc1 Qb6 13. O-O O-O 14. Ne5 Be6 15.
Qb1 Nh5 16. Nef3 Nxf4 17. exf4 Bd7 18. f5 Bb5 19. Bxb5 Qxb5 20. fxg6 hxg6 21.
h4 Nc4 22. Nb3 Rfd8 23. h5 Rd6 24. Rcd1 Qd7 25. Ng5 Qg4 26. hxg6 Rxg6 27. f4
Ne3 28. Rd2 Nxf1 29. Qxf1 e6 30. Re2 Rc4 31. Rf2 Bf6 32. Nxe6 fxe6 33. f5 exf5
34. Rxf5 Kg7 35. Nc1 Rc6 36. Ne2 Re6 0-1

[Event "32. Kieler Open 2019 B-Open"]
[Site "Kiel"]
[Date "2019.07.31"]
[Round "7.5"]
[White "von Koschitzky, Tilo"]
[Black "Hentrop, Malte"]
[Result "0-1"]
[WhiteElo "1774"]
[BlackElo "1805"]
[Annotator "HAD"]
[PlyCount "63"]
[EventDate "2019.??.??"]
[WhiteTeam "SK Doppelbauer Kiel"]
[BlackTeam "Findorffer Sfr"]

1. d4 d5 2. Bf4 Nf6 3. e3 e6 4. Bd3 Bd6 5. Bg3 c6 6. Bxd6 Qxd6 7. c4 dxc4 8.
Bxc4 Qb4+ 9. Nd2 Qxb2 10. Bb3 O-O 11. Rc1 Qa3 12. Ngf3 Nbd7 13. O-O Qe7 14. e4
e5 15. d5 cxd5 16. exd5 Nb6 17. Re1 Nfxd5 18. Rxe5 Be6 19. Nd4 Rac8 20. Rxc8
Rxc8 21. Nxe6 fxe6 22. Qg4 Rc1+ 23. Nf1 Rc6 24. Qe4 a6 25. a4 Qb4 26. Bxd5 Nxd5
27. Rxe6 Qxe4 28. Rxe4 Kf7 29. g3 Nc3 30. Re5 b6 31. Rf5+ Kg6 32. Rf4 0-1

[Event "32. Kieler Open 2019 B-Open"]
[Site "Kiel"]
[Date "2019.07.31"]
[Round "7.6"]
[White "Johlke, Lukas"]
[Black "Götz, Dirk"]
[Result "1/2-1/2"]
[WhiteElo "1584"]
[BlackElo "1766"]
[Annotator "HAD"]
[PlyCount "56"]
[EventDate "2019.??.??"]
[WhiteTeam "SG Jasmund"]
[BlackTeam "SG Kiel v. 1952"]

1. e4 e6 2. d4 d5 3. exd5 exd5 4. Bd3 Nf6 5. Nf3 Bg4 6. O-O Be7 7. h3 Bh5 8.
Bf4 O-O 9. Nbd2 Nbd7 10. c3 c6 11. Qc2 Bg6 12. Bxg6 fxg6 13. Bh2 Nh5 14. Rae1
Nf4 15. Bxf4 Rxf4 16. Re2 Rf8 17. Rfe1 Re8 18. Ng5 Nf8 19. Ne6 Qd7 20. Nxf8
Bxf8 21. Nf3 Rxe2 22. Qxe2 Qf5 23. Qe6+ Kh8 24. h4 Qxe6 25. Rxe6 Kg8 26. g3 Kf7
27. Ng5+ Kg8 28. Nf3 Kf7 1/2-1/2

[Event "32. Kieler Open 2019 B-Open"]
[Site "Kiel"]
[Date "2019.07.31"]
[Round "7.7"]
[White "Sowa, Kay"]
[Black "Johlke, Lorenz"]
[Result "0-1"]
[WhiteElo "1729"]
[BlackElo "1602"]
[Annotator "HAD"]
[PlyCount "78"]
[EventDate "2019.??.??"]
[WhiteTeam "SK Doppelbauer Kiel"]
[BlackTeam "SG Jasmund"]

1. d4 f5 2. Nc3 Nf6 3. Bg5 h6 4. Bxf6 exf6 5. e4 h5 6. Qf3 fxe4 7. Qg3 g5 8.
O-O-O Bd6 9. Qh3 Bf4+ 10. Kb1 d5 11. g4 Bxg4 12. Qg2 Bxd1 13. Nxd1 Nc6 14. Ne2
Bd6 15. Ndc3 Be7 16. f3 f5 17. fxe4 fxe4 18. h4 g4 19. Nf4 Nb4 20. a3 Qd6 21.
axb4 Qxf4 22. Nxd5 Qd6 23. Qxe4 c6 24. Nxe7 Qxe7 25. Qg6+ Kd7 26. Bc4 Raf8 27.
b5 cxb5 28. Bxb5+ Kc7 29. d5 Qd6 30. Qg7+ Kb6 31. c4 Qf6 32. Qd7 Qf5+ 33. Qxf5
Rxf5 34. Bd7 Rf4 35. b3 Rhf8 36. Kb2 Rf1 37. Rxf1 Rxf1 38. d6 Kc5 39. Bb5 Rf2+
0-1

[Event "32. Kieler Open 2019 B-Open"]
[Site "Kiel"]
[Date "2019.07.31"]
[Round "7.8"]
[White "Gerigk, Daniel"]
[Black "Wieser, Hans-Joachim"]
[Result "0-1"]
[WhiteElo "1701"]
[BlackElo "1556"]
[Annotator "HAD"]
[PlyCount "94"]
[EventDate "2019.??.??"]
[WhiteTeam "Vereinigung der Schachsportfreun"]
[BlackTeam "VSF Flintbek"]

1. e4 d5 2. exd5 Nf6 3. d4 Nxd5 4. c4 Nb6 5. Nc3 g6 6. Nf3 Bg7 7. a4 a5 8. Bf4
O-O 9. Nb5 Na6 10. g3 c6 11. Nc3 Bg4 12. c5 Nd5 13. Bc1 Nab4 14. Bg2 Qd7 15.
O-O Rad8 16. Be3 Qf5 17. Nh4 Qe6 18. Qd2 Bf5 19. Nxf5 Qxf5 20. Be4 Qd7 21. Bh6
Nf6 22. Bxg7 Kxg7 23. Rad1 e5 24. d5 cxd5 25. Qg5 Rfe8 26. Bg2 e4 27. Rfe1 Nd3
28. Re2 Re5 29. Qd2 Nxc5 30. Qd4 Qe7 31. f4 Re6 32. Bh3 Nb3 33. Qf2 Rc6 34.
Red2 Nxd2 35. Qxd2 Qc5+ 36. Kh1 d4 37. Bg2 Re6 38. Nb5 e3 39. Qxa5 b6 40. Qe1
Ng4 41. Rc1 Nf2+ 42. Kg1 Qf5 43. Rc4 d3 44. Nd4 Rxd4 45. Rxd4 d2 46. Rxd2 exd2
47. Qxd2 Nd3 0-1

[Event "32. Kieler Open 2019 B-Open"]
[Site "Kiel"]
[Date "2019.07.31"]
[Round "7.9"]
[White "Reimer, Eugen"]
[Black "Priemer, Robert"]
[Result "1/2-1/2"]
[WhiteElo "1554"]
[BlackElo "1682"]
[Annotator "HAD"]
[PlyCount "63"]
[EventDate "2019.??.??"]
[WhiteTeam "VSF Flintbek"]
[BlackTeam "SC Agon Neumünster"]

1. e4 d5 2. exd5 Qxd5 3. Nc3 Qa5 4. Bc4 Nf6 5. Nf3 Bg4 6. d4 c6 7. Bf4 e6 8.
Qe2 Bb4 9. Bd2 O-O 10. h3 Bxf3 11. Qxf3 Nbd7 12. O-O Rad8 13. a3 Bxc3 14. Bxc3
Qc7 15. Rfe1 Rfe8 16. Re2 Nb6 17. Bb3 Nbd5 18. Bd2 e5 19. Rae1 Nf4 20. Rxe5
Rxe5 21. Rxe5 Ng6 22. Re1 Rxd4 23. Bc3 Rd6 24. g4 h6 25. Qg3 Qd8 26. h4 Rd1 27.
f3 Rxe1+ 28. Qxe1 Qd6 29. Bxf6 Qxf6 30. Qe8+ Nf8 31. Kg2 g5 32. hxg5 1/2-1/2

[Event "32. Kieler Open 2019 B-Open"]
[Site "Kiel"]
[Date "2019.07.31"]
[Round "7.10"]
[White "Pick, Max"]
[Black "Beyer, Mirko"]
[Result "1/2-1/2"]
[WhiteElo "1515"]
[BlackElo "1675"]
[Annotator "HAD"]
[PlyCount "21"]
[EventDate "2019.??.??"]
[WhiteTeam "SK Kerpen"]
[BlackTeam "Eckernförder SC"]

1. Nf3 e6 2. e4 d5 3. exd5 exd5 4. d4 Bd6 5. Nc3 c6 6. Bd3 Nf6 7. O-O O-O 8.
Ne2 Bg4 9. Ng3 Qc7 10. Bg5 Nbd7 11. Bf5 1/2-1/2

[Event "32. Kieler Open 2019 B-Open"]
[Site "Kiel"]
[Date "2019.07.31"]
[Round "7.11"]
[White "Bahr, Arne"]
[Black "Hogreve, Holger"]
[Result "1/2-1/2"]
[WhiteElo "1667"]
[BlackElo "1434"]
[Annotator "HAD"]
[PlyCount "92"]
[EventDate "2019.??.??"]
[WhiteTeam "SG Turm Kiel"]
[BlackTeam "Eckernförder SC"]

1. Nc3 g6 2. d4 Bg7 3. e4 c5 4. Nge2 cxd4 5. Nxd4 a6 6. Be3 d6 7. Qd2 Nf6 8. f3
O-O 9. Bc4 Nbd7 10. Bb3 Ne5 11. a4 Bd7 12. a5 e6 13. Nde2 Qe7 14. Na4 Bxa4 15.
Rxa4 Rad8 16. Bb6 Rd7 17. Ra1 Nc6 18. c3 Rc8 19. O-O Qf8 20. Rad1 Bh6 21. Qe1
e5 22. g4 Bg7 23. g5 Nh5 24. f4 exf4 25. Nxf4 Nxf4 26. Rxf4 Kh8 27. Be6 fxe6
28. Rxf8+ Rxf8 29. Qe2 Be5 30. Qc4 Re7 31. b4 Rf4 32. Rf1 d5 33. Qc5 Ref7 34.
Rxf4 Bxf4 35. exd5 exd5 36. Qxd5 Re7 37. Bd4+ Be5 38. Bxe5+ Rxe5 39. Qd2 Re7
40. Qf4 Kg8 41. Kg2 Rd7 42. Qc4+ Kf8 43. Qc5+ Ke8 44. Qe3+ Re7 45. Qf4 Rf7 46.
Qd6 Rd7 1/2-1/2

[Event "32. Kieler Open 2019 B-Open"]
[Site "Kiel"]
[Date "2019.07.31"]
[Round "7.12"]
[White "Zechel, Rolf-Rüdiger"]
[Black "Wellßow, Keoki"]
[Result "1-0"]
[WhiteElo "1651"]
[BlackElo "1544"]
[Annotator "HAD"]
[PlyCount "43"]
[EventDate "2019.??.??"]
[WhiteTeam "SK Kaltenkirchen"]
[BlackTeam "SG Jasmund"]

1. d4 g6 2. Nc3 Bg7 3. e4 d6 4. Be3 Nf6 5. f3 O-O 6. Qd2 e5 7. O-O-O Nc6 8.
Nge2 exd4 9. Nxd4 Bd7 10. h4 h5 11. Be2 a5 12. Rdg1 Nxd4 13. Bxd4 Kh7 14. Be3
Qe7 15. g4 Bc6 16. Bg5 Qe6 17. Rd1 Rfd8 18. Nd5 Bxd5 19. exd5 Qe5 20. f4 Qe4
21. gxh5 gxh5 22. Bd3 1-0

[Event "32. Kieler Open 2019 B-Open"]
[Site "Kiel"]
[Date "2019.07.31"]
[Round "7.13"]
[White "Welker, Alexandra"]
[Black "Ehrich, Dieter"]
[Result "1/2-1/2"]
[WhiteElo "1339"]
[BlackElo "1612"]
[Annotator "HAD"]
[PlyCount "38"]
[EventDate "2019.??.??"]
[WhiteTeam "TuS Makkabi Ffm"]
[BlackTeam "PSV Ribnitz-Damgarten"]

1. e4 c5 2. Nf3 d6 3. Bb5+ Nd7 4. O-O Ngf6 5. Re1 a6 6. Bxd7+ Bxd7 7. c3 e5 8.
d4 exd4 9. cxd4 Be7 10. e5 dxe5 11. Nxe5 O-O 12. dxc5 Bxc5 13. Nxd7 Qxd7 14.
Qxd7 Nxd7 15. Nc3 Nf6 16. Ne4 Nxe4 17. Rxe4 Rfe8 18. Rxe8+ Rxe8 19. Kf1 h6
1/2-1/2

[Event "32. Kieler Open 2019 B-Open"]
[Site "Kiel"]
[Date "2019.07.31"]
[Round "7.14"]
[White "Malinowsky, Levi"]
[Black "Kageler, Anton Paul"]
[Result "0-1"]
[WhiteElo "1418"]
[BlackElo "1601"]
[Annotator "HAD"]
[PlyCount "50"]
[EventDate "2019.??.??"]
[WhiteTeam "SK Doppelbauer Kiel"]
[BlackTeam "SV Roter Turm Halle"]

1. e4 c5 2. Nf3 d6 3. d4 cxd4 4. Nxd4 Nf6 5. Nc3 g6 6. Be3 Bg7 7. f3 O-O 8. Qd2
Nc6 9. O-O-O d5 10. exd5 Nxd5 11. Nxd5 Qxd5 12. Nxc6 Qxc6 13. Kb1 Bf5 14. Bd3
Rfd8 15. Qe2 Qf6 16. c3 Qa6 17. Kc2 Rac8 18. a3 Bxc3 19. bxc3 Qc4 20. Qd2 Rxd3
21. Qxd3 Qxc3+ 22. Kb1 Bxd3+ 23. Ka2 Qc2+ 24. Ka1 Rc3 25. Bc1 Qb1# 0-1

[Event "32. Kieler Open 2019 B-Open"]
[Site "Kiel"]
[Date "2019.07.31"]
[Round "7.15"]
[White "Friedrich, Heike"]
[Black "Eberhardt, Michael"]
[Result "0-1"]
[WhiteElo "1155"]
[BlackElo "1761"]
[Annotator "HAD"]
[PlyCount "76"]
[EventDate "2019.??.??"]
[WhiteTeam "Raisdorfer SG"]
[BlackTeam "SC Agon Neumünster"]

1. e4 d5 2. exd5 Nf6 3. d4 Bg4 4. Bb5+ Nbd7 5. Be2 Bxe2 6. Qxe2 Nxd5 7. Nf3 g6
8. c4 N5f6 9. O-O Bg7 10. Nc3 O-O 11. Rb1 Nb6 12. Re1 e6 13. b3 c6 14. Bb2 Qc7
15. h3 Rfe8 16. Ne4 Nbd7 17. Nxf6+ Nxf6 18. Qd2 Rad8 19. Qc2 Nh5 20. Rbc1 Nf4
21. Ne5 f6 22. Nd3 Nxd3 23. Qxd3 f5 24. Bc3 e5 25. d5 cxd5 26. cxd5 Qd6 27.
Rcd1 e4 28. Qc2 Rc8 29. Re3 f4 30. Rxe4 Rxe4 31. Qxe4 Rxc3 32. Qe8+ Bf8 33. Re1
Qxd5 34. Re5 Qf7 35. Qb5 Rc7 36. Qe2 Re7 37. Rxe7 Bxe7 38. Qf3 Bd6 0-1

[Event "32. Kieler Open 2019 B-Open"]
[Site "Kiel"]
[Date "2019.07.31"]
[Round "7.16"]
[White "Schwerdt, Anton Gabriel"]
[Black "Zielke, Bernd"]
[Result "1-0"]
[WhiteElo "1455"]
[BlackElo "1707"]
[Annotator "HAD"]
[PlyCount "110"]
[EventDate "2019.??.??"]
[WhiteTeam "Bad Schwartau"]
[BlackTeam "Kieler SG"]

1. e4 c5 2. Nc3 Nc6 3. Bc4 e6 4. d3 a6 5. a4 Be7 6. f4 d6 7. Nf3 Nf6 8. O-O d5
9. Bb3 dxe4 10. dxe4 Qxd1 11. Rxd1 O-O 12. e5 Nd7 13. Be3 Na5 14. Ba2 b6 15.
Nd2 g6 16. Nc4 Nxc4 17. Bxc4 Rd8 18. g3 Bb7 19. Rd2 Nf8 20. Rxd8 Rxd8 21. Rd1
Rd7 22. Kf2 Rc7 23. b3 Nd7 24. Be2 Nb8 25. Rd2 Kf8 26. Ke1 Ke8 27. Bc4 Rd7 28.
Ke2 Nc6 29. Rxd7 Kxd7 30. Kd3 Nb4+ 31. Kd2 Bc6 32. Bf2 Kc7 33. Be3 Kb7 34. Bg1
Nd5 35. Bf2 Nc7 36. Be3 b5 37. axb5 axb5 38. Bd3 Kb6 39. Ne4 b4 40. Bf2 Nb5 41.
Bg1 Nc7 42. Bf2 Bb5 43. Bxb5 Nxb5 44. Kd3 Na3 45. Nd6 Bxd6 46. exd6 Kc6 47. d7
Kxd7 48. Bxc5 Nb5 49. Bxb4 Nc7 50. Kd4 Ne8 51. Ke5 h5 52. Ba3 Kc6 53. Be7 Kb6
54. b4 Kb7 55. h4 Kc6 {...und Weiß gewann - Notation nicht nachvollziehbar} 1-0

[Event "32. Kieler Open 2019 B-Open"]
[Site "Kiel"]
[Date "2019.07.31"]
[Round "7.17"]
[White "Malinowsky, Celina"]
[Black "Stieber, Mike"]
[Result "1/2-1/2"]
[WhiteElo "1109"]
[BlackElo "1697"]
[Annotator "HAD"]
[PlyCount "54"]
[EventDate "2019.??.??"]
[WhiteTeam "SK Doppelbauer Kiel"]
[BlackTeam "SC Rochade Zeulenroda"]

1. e4 c5 2. Nc3 a6 3. a4 Nc6 4. Bc4 e6 5. d3 Be7 6. f4 d6 7. Nf3 Nf6 8. O-O O-O
9. Qe1 d5 10. exd5 Nxd5 11. Nxd5 exd5 12. Ba2 Nb4 13. Bb1 Bf6 14. c3 Nc6 15.
Qf2 d4 16. cxd4 Nxd4 17. Be3 Re8 18. Bxd4 Bxd4 19. Nxd4 Qxd4 20. Qxd4 cxd4 21.
Ba2 Be6 22. Bxe6 Rxe6 23. Rfe1 Rae8 24. Rxe6 Rxe6 25. Rc1 g6 26. Rc4 Rd6 27.
Kf2 Rc6 1/2-1/2